02631nam a22002897a 4500008004100000020001800041040000800059041001300067100003700080240002600117245007900143260003700222300002400259490004200283490002400325520090000349520078501249650005302034650002602087650004902113650003002162650003502192650002002227651003802247655002402285700003202309251111b |||||||| |||| 00| 0 eng d a9782702166352 ctbs afreheng aConnelly, Michaeld1956-eauthor aDesert star.lFrench. aL'étoile du désertc/ Michael Connelly ; tranlsated by Robert Pépin. aParis : bCalmann-Lévy,c2023. a389 pages ;c22 cm. aRenée Ballard and Harry Bosch ; v4 aCalmann-Lévy noir aAprès avoir quitté le LAPD rongé par la misogynie, le défaitisme et la bureaucratie, Renée Ballard revient prendre la direction de l'unité des Affaires non résolues récemment reformée. Elle y recrute des stars de la police et demande à Harry Bosch, maintenant à la retraite, de l'aider à résoudre l'affaire de deux jeunes femmes tuées de la même façon à dix ans d'intervalle. Bosch ne saurait refuser: avec toutes les ressources du LAPD, peut-être pourra-t-il en profiter pour arrêter le psychopathe qui a abattu toute une famille dans le désert de Mojave et n'a jamais été retrouvé. S'il respecte Ballard, Bosch supporte mal son autorité et cela risque de nuire à leur travail. Et les tueurs, eux, n'entendent pas se laisser prendre après toutes ces années d'impunité. D'autant que pour Ballard, et surtout pour Bosch, le temps presse ... aAfter leaving the LAPD, worn down by misogyny, defeatism, and bureaucracy, Renée Ballard returns to take command of the recently reformed Cold Case Unit. She recruits some of the department’s top talent and asks retired detective Harry Bosch to help her solve a case involving two young women murdered in the same way, ten years apart. Bosch can’t refuse: with full access to LAPD resources, he just might be able to track down the psychopath who slaughtered an entire family in the Mojave Desert and was never caught. Though Bosch respects Ballard, he struggles with her authority—a tension that could jeopardize their work. And the killers, after years of impunity, have no intention of being caught now. For Ballard—and especially for Bosch—time is running out… 0aBallard, Renée (Fictitious character)vFiction 0aBosch, HarryvFiction 0aCold cases (Criminal investigation)vFiction 0aWomen detectivesvFiction 0aMurderxInvestigationvFiction 0aPolicevFiction 0aLos Angeles (California)vFiction 0aThrillers (Fiction) aPépin, Robertetranslator